000 01027nam0a22002651 4500
001 v19\rc\1392790
005 20260407113536.0
035 _a(NLR Aleph) 004524698
090 _a4902559
_c4902559
100 _a20060512d1868 |||y0rusy50 ca
101 0 _arus
102 _aRU
105 _ay z |||||
200 1 _aПроект инструкции поверенным Общества взаимного поземельного кредита [о поверке оценочных описей при залоге имений
210 _aСанкт-Петербург]
_dценз. 1868
215 _a42 с.
_d34
309 _aБез тит. л. и обл.
309 _aНаписано от руки. Литогр.
710 0 2 _aОбщество взаимного поземельного кредита
_cПетербург
_3RU\NLR\AUTH\889944099
_9383379
801 0 _aRU
_bNLR
_gpsbo
801 0 _aRU
_bRuMoRGB
_2psbo
801 1 _aRU
_bProSoft-M
_2rusmarc
852 _aNLR
_j18.125.1.267
942 _cBOOK
980 _aNB